000 00549cam a22002171 4500
001 ne 66001037
003 DLC
005 20260227111824.0
008 890904s1965 xx 000 0 ara
010 _ane 66001037
035 _a(OCoLC)23515605
040 _aDLC
_cMiU
_dDLC
042 _apremarc
050 0 0 _aDS79
_b.K8
100 1 _aKubbah, Muhammad Mahdi,
_d1900-
245 1 0 _aMudhakkirati fi ṣamim al-aḥdath.
260 _c[1965]
300 _a446 p.
_c25 cm.
651 0 _aIraq
_xHistory
651 0 _aIraq
_xPolitics and government
999 _c48942
_d48942